| 000 | 00573cam a22002051 4500 | ||
|---|---|---|---|
| 001 | he 66000854 | ||
| 003 | DLC | ||
| 005 | 20260227111438.0 | ||
| 008 | 880517s1965 is 000 0 hebr | ||
| 010 | _ahe 66000854 | ||
| 035 | _a(OCoLC)17963115 | ||
| 040 |
_aDLC _cTxU _dTxU _dDLC |
||
| 050 | 0 | 0 |
_aPN6109.H4 _bS5 |
| 100 | 1 |
_aSharett, Moshe, _d1894-1965, _etr. |
|
| 245 | 1 | 0 |
_aMaḥberet targume shirah, _cme-et Mosheh Sharet. |
| 260 |
_a[Tel-Aviv] _bʻAm ʻOved _c[1965] |
||
| 300 |
_a59 p. _c22 cm. |
||
| 500 | _aVocalized. | ||
| 650 | 0 |
_aPoetry _xTranslations into Hebrew. |
|
| 999 |
_c31729 _d31729 |
||